| 000 | 01317nam a2200325 i 4500 | ||
|---|---|---|---|
| 003 | DO-SdBNP | ||
| 005 | 20240205092927.0 | ||
| 007 | ta | ||
| 008 | 140626s2023 dr a c 000 0 spa d | ||
| 020 | _a9789993431619 | ||
| 040 |
_aDO-SdBNP _bspa _cBPMSU _erda |
||
| 082 | 4 |
_aRD863.4408 _bC117c 2021 _222 |
|
| 100 | 1 |
_aCabral, Lucía Amelia, _d1949- _eautora |
|
| 245 | 1 | 0 |
_aMar y asombro : _bantología / _cLucia Amelia Cabral ; presentación Rafael Peralta Romero ; ilustraciones, Milán Lora. |
| 264 |
_aSanto Domingo : _bBiblioteca Nacional Pedro Henríquez Ureña, _c2023 |
||
| 300 |
_a131 páginas : _bilustraciones ; _c29 cm. |
||
| 490 | 0 | _aPremio Biblioteca Nacional de la literatura Infantil | |
| 586 | _aPremio Biblioteca Nacional de la literatura Infantil 2021 | ||
| 590 | _aInventariado, 2024/VM | ||
| 650 | 4 | _aCuentos infantiles dominicanos | |
| 650 | 4 |
_aCertámenes literarios _x |
|
| 650 | 4 | _aPremios literarios | |
| 650 | 4 | _aPoesía infatil dominicana | |
| 650 | 4 | _aLiteratura infantil dominicana | |
| 700 | 1 |
_aDore, Adela _eilustraciones |
|
| 700 | 1 |
_aPeralta Romero, Rafael _epresentación |
|
| 711 | 2 |
_aPremio Biblioteca Nacional de Literatura Infantil _d(2021: 23 de agosto _cSanto Domingo, República Dominicana ) |
|
| 910 | _aVMateo V. Control de calidad BPMSU | ||
| 942 |
_2ddc _cBK |
||
| 999 |
_c14536 _d14536 |
||